书目信息 |
| 题名: |
了解生命
|
|
| 作者: | 王谷岩 著 | |
| 分册: | ||
| 出版信息: | 南京 江苏教育出版社 1999.03 |
|
| 页数: | 180页 | |
| 开本: | 21cm | |
| 丛书名: | 金苹果文库 | |
| 单 册: | ||
| 中图分类: | Q1-0 | |
| 科图分类: | ||
| 主题词: | 生命科学--sheng ming ke xue--普及读物 | |
| 电子资源: | ||
| ISBN: | 7-5343-3336-9 | |
| 000 | 00879nam 2200277 450 | |
| 001 | 012008273196 | |
| 005 | 20080424164557.89 | |
| 010 | @a7-5343-3336-9@dCNY6.50 | |
| 100 | @a20080424d1999 km y0chiy0120 ea | |
| 101 | 0 | @achi |
| 102 | @aCN@b320000 | |
| 105 | @aa z 000yy | |
| 106 | @ar | |
| 200 | 1 | @a了解生命@Aliao jie sheng ming@f王谷岩著@Fwang gu yan zhu |
| 205 | @a第2版 | |
| 210 | @a南京@c江苏教育出版社@d1999.03 | |
| 215 | @a180页@c图@d21cm | |
| 225 | 2 | @a金苹果文库@Ajin ping guo wen ku@h第2辑 |
| 300 | @a1996~2000年国家重点图书出版规划 | |
| 330 | @a本书主要分为: 奥秘篇和探究篇两大部分,内容包括;一场耐人寻味的"空战",动物远航之谜等等。 | |
| 410 | 0 | @12001 @a金苹果文库 |
| 606 | 0 | @a生命科学@Asheng ming ke xue@j普及读物 |
| 690 | @aQ1-0@v4 | |
| 701 | 0 | @a王谷岩@Awang gu yan@4著 |
| 801 | 0 | @aCN@bQSSK@c20080424 |
| 905 | @b20704319-21@dQ1-0@eW198=2@f3 | |
| 了解生命/王谷岩著.-第2版.-南京:江苏教育出版社,1999.03 |
| 180页:图;21cm.-(金苹果文库.第2辑) |
| 1996~2000年国家重点图书出版规划 |
| ISBN 7-5343-3336-9:CNY6.50 |
| 本书主要分为: 奥秘篇和探究篇两大部分,内容包括;一场耐人寻味的"空战",动物远航之谜等等。 |
| ● |
| 相关链接 |
|
|
|
正题名:了解生命
索取号:Q1-0/W198=2
 
预约/预借
| 序号 | 登录号 | 条形码 | 馆藏地/架位号 | 状态 | 备注 |
| 1 | 704319 | 207043199 | 期刊室512/401自科库 24排4列2层/ [索取号:Q1-0/W198=2] | 在馆 | |
| 2 | 704320 | 207043206 | 自科库401/401自科库 24排4列2层/ [索取号:Q1-0/W198=2] | 在馆 | |
| 3 | 704321 | 207043215 | 期刊室512/401自科库 24排4列2层/ [索取号:Q1-0/W198=2] | 在馆 |